Normal view
MARC view
Entry Corporate Name
001 - CONTROL NUMBER
- control field: 38861
003 - CONTROL NUMBER IDENTIFIER
- control field: dpl
005 - DATE AND TIME OF LATEST TRANSACTION
- control field: 20120111110806.0
008 - FIXED-LENGTH DATA ELEMENTS
- fixed length control field: 120111|||a|||||| | ||| d
040 ## - CATALOGING SOURCE
- Original cataloging agency: dpl
- Transcribing agency: dpl
110 ## - HEADING--CORPORATE NAME
- Corporate name or jurisdiction name as entry element: National Geographic Society (U.S.)
670 ## - SOURCE DATA FOUND
- Source citation: Work cat.: (dpl)0: Secret journeys of a lifetime :, c2011.
670 ## - SOURCE DATA FOUND
- Source citation: Work cat.: (dpl)0: Secret journeys of a lifetime :, c2011.
